000 00444cam a2200181ua 4500
001 5113
008 120306n ii |||gr||||Z||||||eng
040 _cMAIN
082 _a821
100 _aCarlyle,
_eAuthor.,
245 1 1 _aThe hero as poet
_cby Carlyle
250 _a1st.
260 _aBareily:
_bPrakash book depot.,
_c1994.
300 _a135p:
_c23cm.
653 _aEnglish poetry
700 _aSinha, Manindra Nath,
_eEditor.,
942 _cBK
999 _c4295
_d4295